LIBRARY & INFORMATION CENTRE, KCAET, TAVANUR

ONLINE PUBLIC ACCESS CATALOGUE (OPAC)

Tunchathezhehuthachan / (Record no. 11743)

MARC details
000 -LEADER
fixed length control field 00375cam a2200145ua 4500
082 ## - DEWEY DECIMAL CLASSIFICATION NUMBER
Classification number 894.81209
Item number NAR/TH
100 ## - MAIN ENTRY--AUTHOR NAME
Personal name Narayan Pillai, .
245 ## - TITLE STATEMENT
Title Tunchathezhehuthachan /
260 ## - PUBLICATION, DISTRIBUTION, ETC. (IMPRINT)
Place of publication Ernamkulam :
Name of publisher sahitya parishat ,
Year of publication 1957.
300 ## - PHYSICAL DESCRIPTION
Number of Pages 92 ; .

No items available.

free website counter